Music Quiz

Random Music or Artist Quiz

Instrumental Songs Quiz Stats

 Plays Quiz Updated Dec 28, 2017

Score 0/52 Timer 10:00
0 Plays Today
Song Title Artist % Correct
Star Wars (Main title)John Williams
62.8%
Classical GasMason Williams
49.8%
Chariots of Fire - TitlesVangelis
39.9%
The Pink Panther ThemeHenry Mancini
38.2%
Rock and Roll Part 2Gary Glitter
31.5%
FrankensteinEdgar Winter Group
30.6%
Green OnionsBooker T and the MG's
30.5%
Tubular Bells (Theme from The Exorcist)Mike Oldfield
26.2%
Axel FHarold Faltermeyer
21.8%
AutobahnKraftwerk
20.3%
Hocus PocusFocus
19.3%
Miami vice ThemeJan Hammer
19.1%
Wipe OutThe Surfaris
18.7%
Walk - Don't RunThe Ventures
18.1%
RiseHerb Alpert
18.1%
Feels So GoodChuck Mangione
17.7%
The HustleVan McCoy & The Soul City Symphony
16%
The EntertainerMarvin Hamlisch
12.7%
PopcornHot Butter
11.9%
Stranger on the ShoreMr. Acker Bilk
11.2%
Rebel RouserDuane Eddy
11.2%
Gonna Fly NowBill Conti
10.7%
A Fifth of BeethovenWalter Murphy and the Big Apple Band
10%
SongbirdKenny G
9.6%
TelstarThe Tornadoes
9.4%
Star Wars Theme / Cantina BandMeco
9.4%
Song Title Artist % Correct
The Rockford FilesMike Post
9.1%
Love's ThemeLove Unlimited Orchestra
8.4%
Night TrainJames Brown
8.2%
TSOP (The Sound of Philadelphia)MFSB featuring the Three Degrees
8%
The StripperDavid Rose
7.6%
Outa-SpaceBilly Preston
7.4%
Grazing in the GrassHugh Masekela
6.5%
The Happy OrganDave 'Baby' Cortez
4.5%
Also Sprach Zarathustra (2001)Deodato
4.1%
Teen BeatSandy Nelson
4%
Duelling BanjosEric Weissberg and Steve Mandell
3.8%
Theme From S.W.A.T.Rhythm Heritage
3.8%
The HorseCliff Nobles and Co.
3.7%
Wonderland By NightBert Kaempfert
3.5%
Soulful StrutYoung-Holt Unlimited
3.2%
No Matter What Shape (Your Stomach's In)The T-Bones
3.1%
Alley CatBent Fabric and his Piano
3%
Midnight CowboyFerrante and Teicher
2.9%
MemphisLonnie Mack
2.6%
On the ReboundFloyd Cramer
2.6%
Nadia's Theme (the Young and the Restless)Barry DeVorzon & Perry Botkin Jr.
2.6%
Out of LimitsThe Marketts
2.3%
Honky Tonk, Parts 1 and 2Bill Doggett
2.3%
Apache Jorgen Ingmann and his Guitar
2.3%
Bongo RockPreston Epps
1.7%
Harlem NocturneThe Viscounts
1.7%

You're not logged in!

Compare scores with friends on all Sporcle quizzes.
OR
Log In

Sporcle TV

Today on Sporcle TV


Watch our educational content, quiz creation guides, and fun videos on Sporcle TV.

Show Comments

Extras

Top Quizzes Today


Score Distribution

Your Account Isn't Verified!

In order to create a playlist on Sporcle, you need to verify the email address you used during registration. Go to your Sporcle Settings to finish the process.

Report this User

Report this user for behavior that violates our Community Guidelines.

Details: